<Der> Test

Guardado en:
Detalles Bibliográficos
Formato: Seriadas
Lenguaje:alemán
Publicado: Berlin STIFTUNG WARENTEST 1989
Etiquetas: Agregar Etiqueta
Sin Etiquetas, Sea el primero en etiquetar este registro!

MARC

LEADER 00000nas2a2200000 4500
001 s031772
005 20250730114142.3
041 0 |a ger 
044 |a DE 
245 1 0 |a <Der> Test 
264 1 |a Berlin  |b STIFTUNG WARENTEST  |c 1989 
300 |a 1 zv. 
773 0 |w eu_un_cat*s120627